<?xml version="1.0" encoding="UTF-8"?><?xml-stylesheet type="text/xsl" href="static/style.xsl"?><OAI-PMH xmlns="http://www.openarchives.org/OAI/2.0/" xmlns:xsi="http://www.w3.org/2001/XMLSchema-instance" xsi:schemaLocation="http://www.openarchives.org/OAI/2.0/ http://www.openarchives.org/OAI/2.0/OAI-PMH.xsd"><responseDate>2026-04-13T00:04:24Z</responseDate><request verb="GetRecord" identifier="oai:www.recercat.cat:2445/174538" metadataPrefix="marc">https://recercat.cat/oai/request</request><GetRecord><record><header><identifier>oai:recercat.cat:2445/174538</identifier><datestamp>2025-12-05T14:51:44Z</datestamp><setSpec>com_2072_1057</setSpec><setSpec>col_2072_478917</setSpec><setSpec>col_2072_478921</setSpec><setSpec>col_2072_478924</setSpec></header><metadata><record xmlns="http://www.loc.gov/MARC21/slim" xmlns:dcterms="http://purl.org/dc/terms/" xmlns:xsi="http://www.w3.org/2001/XMLSchema-instance" xmlns:doc="http://www.lyncode.com/xoai" xsi:schemaLocation="http://www.loc.gov/MARC21/slim http://www.loc.gov/standards/marcxml/schema/MARC21slim.xsd">
   <leader>00925njm 22002777a 4500</leader>
   <datafield ind2=" " ind1=" " tag="042">
      <subfield code="a">dc</subfield>
   </datafield>
   <datafield ind2=" " ind1=" " tag="720">
      <subfield code="a">Arranz Martínez, Sara</subfield>
      <subfield code="e">author</subfield>
   </datafield>
   <datafield ind2=" " ind1=" " tag="720">
      <subfield code="a">Medina Remón, Alexander</subfield>
      <subfield code="e">author</subfield>
   </datafield>
   <datafield ind2=" " ind1=" " tag="720">
      <subfield code="a">Lamuela Raventós, Rosa Ma.</subfield>
      <subfield code="e">author</subfield>
   </datafield>
   <datafield ind2=" " ind1=" " tag="720">
      <subfield code="a">Estruch Riba, Ramon</subfield>
      <subfield code="e">author</subfield>
   </datafield>
   <datafield ind2=" " ind1=" " tag="260">
      <subfield code="c">2021-03-02T12:59:17Z</subfield>
   </datafield>
   <datafield ind2=" " ind1=" " tag="260">
      <subfield code="c">2021-03-02T12:59:17Z</subfield>
   </datafield>
   <datafield ind2=" " ind1=" " tag="260">
      <subfield code="c">2012-03-21</subfield>
   </datafield>
   <datafield ind2=" " ind1=" " tag="520">
      <subfield code="a">A healthy dietary pattern is characterized by a high consumption of non-refined grains,&#xd;
legumes, nuts, fruits and vegetables; relatively high intake of total fat, mainly derived from&#xd;
olive oil; moderate to high intake of fish and poultry; dairy products (usually as yogurt or&#xd;
cheese) in small amounts; low consumption of red meat and meat products; and moderate&#xd;
alcohol intake, usually in the form of red wine with meals (Willett et al., 1995). Therefore, a&#xd;
high consumption of fiber-rich foods is one of the characteristic features of a healthy diet.&#xd;
Dietary fiber (DF) has received much attention in nutritional epidemiology. Observational&#xd;
studies have consistently shown that DF intake is associated with reduced cardiovascular&#xd;
risk, including ischemic heart disease (Rimm et al., 1996a; Todd et al., 1999; Liu et al., 2002;&#xd;
Mozaffarian et al., 2003a) and stroke (Ascherio et al., 1998; Oh et al., 2005; Salmeron et al.,&#xd;
1997)), and a lower risk of diabetes (Meyer et al., 2000; Liu, 2003b). Clinical trials have also&#xd;
suggested that DF supplementation has beneficial effects on risk factors, such as blood&#xd;
pressure, serum lipids, insulin sensitivity and diabetic metabolic control (Streppel et al.,&#xd;
2005b; Brown et al., 1999; Anderson et al., 2000; Chandalia et al., 2000a; Ludwig et al., 1999).</subfield>
   </datafield>
   <datafield tag="653" ind2=" " ind1=" ">
      <subfield code="a">Fibra alimentària</subfield>
   </datafield>
   <datafield tag="653" ind2=" " ind1=" ">
      <subfield code="a">Malalties cardiovasculars</subfield>
   </datafield>
   <datafield tag="653" ind2=" " ind1=" ">
      <subfield code="a">Fiber in human nutrition</subfield>
   </datafield>
   <datafield tag="653" ind2=" " ind1=" ">
      <subfield code="a">Cardiovascular diseases</subfield>
   </datafield>
   <datafield ind2="0" ind1="0" tag="245">
      <subfield code="a">Effects of dietary fiber intake on cardiovascular risk factors</subfield>
   </datafield>
</record></metadata></record></GetRecord></OAI-PMH>